| 000 | 00580nam a2200193 i 4500 | ||
|---|---|---|---|
| 001 | 12102 | ||
| 003 | ES-MaACL | ||
| 005 | 20230906150236.0 | ||
| 007 | t| | ||
| 008 | 970410s1993 sp ||||1| spa d | ||
| 020 | _a84-7916-002-0 | ||
| 080 | _a72 Cervera & Pioz | ||
| 100 | 1 |
_aCervera & Pioz. _937643 |
|
| 245 | 1 | 0 |
_aHacia la cuarta arquitectura _b: requiem por el arquitecto / _cCervera & Pioz. |
| 260 |
_aMadrid : _bIberediciones, _cD.L. 1993. |
||
| 300 |
_a235 p. : _bil. col. y n. ; _c24 cm. |
||
| 600 | 1 | 4 |
_aCervera & Pioz. _937643 |
| 852 |
_aES-MaACL _jL-19452 _bR.121303 |
||
| 999 |
_c12102 _d12102 |
||